Language Quiz

Random Language or Latin Quiz

GCSE Latin Vocabulary 4 Quiz Stats

 Plays Quiz not verified by Sporcle

Score 0/73 Timer 10:00
0 Plays Today
Latin English % Correct
matermother
90.2%
laborwork
89.6%
magnusbig, large, great
89%
leolion
88.8%
laborowork
88.5%
multusmuch, many
88.3%
longuslong
88.1%
nihilnothing
87.5%
meusmy
86.9%
maresea
86.7%
nomenname
86.4%
nonnot
86.4%
novusnew
86.2%
luxlight, daylight
86%
navisship
85.9%
moveomove
85.8%
noxnight
85.7%
lacrimoweep, cry
85.5%
mediusmiddle
85.5%
navigosail
85.5%
mercatormerchant
85.2%
misermiserable, wretched, sad
85.2%
milessoldier
84.6%
manushand, group of people
84.3%
morsdeath
84.1%
laudopraise
84%
noswe, us
83.9%
nosterour
83.9%
narrotell, relate
83.5%
liberbook
82.9%
iuvenisyoung man
82.9%
necokill
82.5%
malusevil, bad
82.2%
monsmountain
82%
nautasailor
81.7%
muruswall
81.5%
legiolegion
81.3%
Latin English % Correct
mitto send
81.2%
multomuch
81.2%
nemono one, nobody
81.1%
libertusfreedman, ex-slave
81%
nonne ... ?surely ... ?
81%
maritushusband
80.7%
locusplace
80.5%
laetushappy
80.4%
lentusslow
78.4%
moxsoon
78.3%
moriordie
77.6%
legoread, choose
77.5%
minimevery little, least, no
77.2%
nolonot want, refuse
76.8%
nec, nequeand not, nor, neither
76%
iterjourney
75.5%
liberichildren
75.3%
iubeoorder
73.3%
loquorspeak
72.7%
-neintroduces question
71.1%
namfor
70.4%
modusmanner, kind, way
69.6%
maneoremain, stay
68.8%
nescionot know
67.6%
liberoset free
67.3%
mirorwonder at, admire
66.1%
magnoperegreatly
63.8%
moneowarn, advise
61.7%
iterumagain
60.8%
nonnullisome, several
57.8%
maloprefer
55.2%
libenterwillingly, gladly
54.8%
nethat ... not, so that ... not, that, lest
52.9%
magismore
49.9%
maximevery greatly
49.8%
nisiunless, except
47.6%

You're not logged in!

Compare scores with friends on all Sporcle quizzes.
OR
Log In

Show Comments

Extras

Top Quizzes Today


Score Distribution

Your Account Isn't Verified!

In order to create a playlist on Sporcle, you need to verify the email address you used during registration. Go to your Sporcle Settings to finish the process.

Report this User

Report this user for behavior that violates our Community Guidelines.

Details: